01914nam a2200337 i 4500001001000000003000900010005001700019007000300036008004100039040003000080082002500110100004800135245010800183264004800291300005500339336002700394337003300421338002800454500005700482505027900539590002700818600003700845650005400882651005400936910004100990942001401031952012001045952013801165952025601303999001701559000017848DO-SdBNP20260527074041.0ta100406s1999 dr ac 000 0 spa d aDO-SdBNPbspacBNPHUerda 4a320.97293bG377j2221 aGerón, Candido,d1948-eautor4aut.9357710aJuan Bosch :bla traición a un símbolo, matices de una conjura electoral 1996 /cCándido Gerón. 1aSanto Domingo :bEditora Centenario,c1999. a262 páginas :bilustraciones, retratos ;c24 cm. atextobtxt2rdacontent asin mediaciónbn2rdamedia 2volumenanc0rdacarrier aIncluye datos biográficos del autor en las solapas2 aPrólogo -- Orígenes, exilio y trascendencia de Juan Bosch -- Nota preliminar sobre Cayo Confite -- Principios doctrinarios y honestidad en Bosch -- Comienzo y fin de una era política y de la ética del PLD -- Paradojas y artimañas de un triunfo electoral -- Anexos. aInventariado, 2018/ YL10a Bosch, Juan, d1909-2001976555 0aPartidos políticoszRepública Dominicana9285 0aRepública DominicanaxPolítica y gobierno945 aValidado. Control de calidad MMOLINA 2ddccLBS1 00102ddc51708PDaBNPHUbBNPHUcHDd2010-04-06oBNPHU PD 320.97293 G377jp17848-10r2020-06-25w2020-06-25yLBS1 00102ddc51708PDaBNPHUbBNPHUcHDd2022-11-15eDonaciónoBNPHU PD 320.97293 G377jp2022-5377r2022-11-15te.2w2022-11-15yLBS1 00102ddc56708DSaBNPHUbBNPHUcHDd2024-04-19eDonado por la Presidencia de la República Dominicana 2023.l0oBNPHU DS 320.97293 G377jp2024-2398r2024-04-19te.3w2024-04-19yLBS1zPerteneció a la biblioteca personal de Emilio Cordero Michel. c17372d17372